[Event "PohÃ¡r mÄ›sta Å˜Ã­Ä�any 2020"]
[Site "MÄ›stskÃ© kulturnÃ­ stÅ™edisko U labutÄ›"]
[Date "2020.08.22"]
[Round "1.27"]
[White "Le, Anh Dung"]
[Black "Kopecky, Jiri"]
[Result "1-0"]
[WhiteElo "1616"]
[BlackElo "1921"]
[PlyCount "0"]
[EventDate "2020.08.22"]

1. e4 c5 2. Nc3 Nc6 3. Nf3 Nf6 4. d4 cxd4 5. Nxd4 e5 6. Ndb5 d6 7. Bg5 a6
8. Na3 b5 9. Bxf6 gxf6 10. Nd5 Bg7 11. c3 O-O 12. g4 Be6 13. Nc2 Bxd5 14. exd5
Ne7 15. Bd3 Qb6 16. Ne3 Rfe8 17. h4 Ng6 18. Be4 b4 19. c4 Qd4 20. Qc2 Rac8
21. Rd1 Qc5 22. Nf5 Ne7 23. b3 h6 24. g5 Nxf5 25. Bxf5 Rc7 26. g6 e4 27. gxf7+
Kxf7 28. Rg1 Re5 29. Be6+ Ke8 30. Qe2 Kd8 31. Rg6 f5 32. Qh5 Re7 33. Bxf5 Kc7
34. Qg4 Rf7 35. Rxg7 Rxf5 36. Qxf5 Rxg7 37. Ke2 e3 38. fxe3 Qa5 39. Rd2 1-0

[Event "PohÃ¡r mÄ›sta Å˜Ã­Ä�any 2020"]
[Site "MÄ›stskÃ© kulturnÃ­ stÅ™edisko U labutÄ›"]
[Date "2020.08.22"]
[Round "1.28"]
[White "Sargsyan, Karen"]
[Black "Pecka, Jan"]
[Result "0-1"]
[WhiteElo "1918"]
[BlackElo "1610"]
[PlyCount "0"]
[EventDate "2020.08.22"]

1. e4 e5 2. Nf3 Nc6 3. d4 exd4 4. Bc4 Nf6 5. Nxd4 Nxe4 6. Nxc6 bxc6 7. O-O Be7
8. Re1 Nf6 9. Qe2 d5 10. Bd3 Be6 11. Nd2 O-O 12. Nf3 Re8 13. Ne5 Bd7 14. Nxd7
Qxd7 15. Qf3 Bb4 16. Rxe8+ Rxe8 17. Be3 a5 18. c3 Bd6 19. Bf5 Qe7 20. g3 Bc5
21. Bg5 h6 22. Bf4 g5 23. Bd2 Qe2 24. Qd3 Qxf2+ 25. Kh1 Re2 0-1

[Event "PohÃ¡r mÄ›sta Å˜Ã­Ä�any 2020"]
[Site "MÄ›stskÃ© kulturnÃ­ stÅ™edisko U labutÄ›"]
[Date "2020.08.22"]
[Round "1.29"]
[White "Rucabado, Stefan"]
[Black "Salac, Jiri"]
[Result "0-1"]
[WhiteElo "1570"]
[BlackElo "1914"]
[PlyCount "0"]
[EventDate "2020.08.22"]

1. e4 c5 2. Nf3 d6 3. d4 cxd4 4. Nxd4 Nf6 5. Nc3 a6 6. Bg5 e6 7. f4 Be7 8. Qf3
Qc7 9. O-O-O Nbd7 10. g4 b5 11. Bxf6 Nxf6 12. g5 Nd7 13. f5 Nc5 14. Rg1 b4
15. Nce2 e5 16. Nb3 Bb7 17. Nd2 Rc8 18. c3 Qc6 19. f6 gxf6 20. gxf6 Bf8 21. Rg3
bxc3 22. Qxc3 Bh6 23. Bg2 Nb3+ 24. axb3 Qb6 25. Qxc8+ Bxc8 26. Kc2 Bxd2 0-1

[Event "PohÃ¡r mÄ›sta Å˜Ã­Ä�any 2020"]
[Site "MÄ›stskÃ© kulturnÃ­ stÅ™edisko U labutÄ›"]
[Date "2020.08.22"]
[Round "1.30"]
[White "Voracek, Zdenek"]
[Black "Pejrimovska, Viola Ruby"]
[Result "1-0"]
[WhiteElo "1903"]
[BlackElo "1569"]
[PlyCount "0"]
[EventDate "2020.08.22"]

1. d4 Nf6 2. c4 g6 3. Nc3 Bg7 4. e4 d6 5. f3 O-O 6. Be3 e5 7. Nge2 Nbd7 8. Qd2
c5 9. dxc5 Nxc5 10. Rd1 Be6 11. Qxd6 Ncd7 12. Nd5 Bxd5 13. cxd5 Nh5 14. Nc3 a6
15. Bc4 Re8 16. Qa3 b5 17. Be2 Nf4 18. Kf2 Bh6 19. h4 Nf6 20. g3 Nxe2 21. Nxe2
Bxe3+ 22. Qxe3 Nd7 23. Rc1 Nb6 24. b3 Rc8 25. Rxc8 Nxc8 26. Rc1 Qd7 27. Kg2 Na7
28. Qb6 Rc8 29. Rxc8+ Nxc8 30. Qxa6 f5 31. Qc6 Qxc6 32. dxc6 fxe4 33. fxe4 Kf7
34. Nc3 Nd6 35. c7 Nc8 36. Nxb5 Ke7 37. Kf3 h5 38. Ke3 Kd7 39. Kd3 Nb6 40. Kc3
Na8 41. Kb4 Nxc7 42. Nxc7 Kxc7 43. Kc5 1-0

[Event "PohÃ¡r mÄ›sta Å˜Ã­Ä�any 2020"]
[Site "MÄ›stskÃ© kulturnÃ­ stÅ™edisko U labutÄ›"]
[Date "2020.08.23"]
[Round "3.1"]
[White "Rut, Vojtech"]
[Black "Plischki, Sebastian"]
[Result "0-1"]
[WhiteElo "2043"]
[BlackElo "2356"]
[PlyCount "0"]
[EventDate "2020.08.22"]

1. d4 {[%clk 01:05:43]} {[%emt 00:29:19]} Nf6 {[%clk 01:30:26]} 2. Nf3 {[%clk
01:06:08]} g6 {[%clk 01:30:23]} 3. Bf4 {[%clk 01:06:34]} Bg7 {[%clk 01:30:28]}
4. e3 {[%clk 01:07:02]} O-O {[%clk 01:30:15]} 5. Be2 {[%clk 01:07:19]} c5
{[%clk 01:29:56]} 6. Nbd2 {[%clk 01:06:45]} {[%emt 00:00:29]} d6 {[%clk
01:30:06]} {[%emt 00:00:19]} 7. h3 {[%clk 01:06:46]} {[%emt 00:00:30]} Be6
{[%clk 01:29:09]} {[%emt 00:01:26]} 8. O-O {[%clk 01:06:17]} {[%emt 00:01:00]}
Qb6 {[%clk 01:29:07]} {[%emt 00:00:33]} 9. Ng5 {[%clk 01:03:47]} {[%emt
00:03:00]} Bd7 {[%clk 01:20:32]} {[%emt 00:09:05]} 10. Nc4 {[%clk 01:03:50]}
{[%emt 00:00:27]} Qc7 {[%clk 01:20:22]} {[%emt 00:00:39]} 11. a4 {[%clk
01:03:38]} {[%emt 00:00:43]} cxd4 {[%clk 01:19:39]} {[%emt 00:01:13]} 12. exd4
{[%clk 01:03:51]} {[%emt 00:00:17]} Nc6 {[%clk 01:19:19]} {[%emt 00:00:49]} 13.
Nf3 {[%clk 01:02:11]} {[%emt 00:02:11]} Rac8 {[%clk 01:13:27]} {[%emt
00:06:22]} 14. c3 {[%clk 01:01:59]} {[%emt 00:00:42]} Be6 {[%clk 01:13:16]}
{[%emt 00:00:41]} 15. Ne3 {[%clk 01:00:24]} {[%emt 00:02:06]} Nd5 {[%clk
01:12:50]} {[%emt 00:00:55]} 16. Bh2 {[%clk 00:57:43]} {[%emt 00:03:12]} Na5
{[%clk 01:09:21]} {[%emt 00:03:58]} 17. Nd2 {[%clk 00:56:12]} {[%emt 00:02:02]}
Bh6 {[%clk 01:03:25]} {[%emt 00:06:26]} 18. Nxd5 {[%clk 00:50:56]} {[%emt
00:05:47]} Bxd5 {[%clk 01:03:44]} {[%emt 00:00:10]} 19. Bf3 {[%clk 00:49:13]}
{[%emt 00:02:14]} Qc6 {[%clk 00:59:06]} {[%emt 00:05:08]} 20. Bxd5 {[%clk
00:46:12]} {[%emt 00:03:30]} Qxd5 {[%clk 00:58:32]} {[%emt 00:01:05]} 21. Qf3
{[%clk 00:45:37]} {[%emt 00:01:05]} Qxf3 {[%clk 00:57:54]} {[%emt 00:01:08]} 22.
Nxf3 {[%clk 00:46:04]} {[%emt 00:00:03]} a6 {[%clk 00:54:15]} {[%emt 00:04:09]}
23. Rfe1 {[%clk 00:45:40]} {[%emt 00:00:55]} Rfe8 {[%clk 00:54:14]} {[%emt
00:00:30]} 24. Re2 {[%clk 00:43:30]} {[%emt 00:02:41]} f6 {[%clk 00:51:21]}
{[%emt 00:03:22]} 25. d5 {[%clk 00:41:19]} {[%emt 00:02:42]} Nb3 {[%clk
00:47:27]} {[%emt 00:04:22]} 26. Rd1 {[%clk 00:39:47]} {[%emt 00:02:02]} Kf7
{[%clk 00:44:46]} {[%emt 00:03:11]} 27. Nd4 {[%clk 00:38:40]} {[%emt 00:01:38]}
Nc5 {[%clk 00:41:06]} {[%emt 00:04:10]} 28. a5 {[%clk 00:38:13]} {[%emt
00:00:58]} f5 {[%clk 00:40:18]} {[%emt 00:01:17]} 29. g4 {[%clk 00:37:03]}
{[%emt 00:01:40]} fxg4 {[%clk 00:37:56]} {[%emt 00:02:52]} 30. hxg4 {[%clk
00:37:24]} {[%emt 00:00:09]} Nd7 {[%clk 00:37:35]} {[%emt 00:00:51]} 31. Ne6
{[%clk 00:36:47]} {[%emt 00:01:07]} Nc5 {[%clk 00:34:27]} {[%emt 00:03:37]} 32.
Nd4 {[%clk 00:35:35]} {[%emt 00:01:42]} Bg7 {[%clk 00:32:41]} {[%emt 00:02:15]}
33. Kg2 {[%clk 00:35:27]} {[%emt 00:00:39]} h6 {[%clk 00:27:17]} {[%emt
00:05:55]} 34. Bf4 {[%clk 00:34:13]} {[%emt 00:01:44]} Bxd4 {[%clk 00:20:46]}
{[%emt 00:07:01]} 35. cxd4 {[%clk 00:32:32]} {[%emt 00:02:11]} Nd7 {[%clk
00:20:47]} {[%emt 00:00:28]} 36. Bxh6 {[%clk 00:32:33]} {[%emt 00:00:29]} Nf6
{[%clk 00:21:10]} {[%emt 00:00:07]} 37. Rd3 {[%clk 00:31:47]} {[%emt 00:01:16]}
Nxg4 {[%clk 00:20:36]} {[%emt 00:01:04]} 38. Re6 {[%clk 00:30:57]} {[%emt
00:01:21]} Nxh6 {[%clk 00:20:00]} {[%emt 00:01:06]} 39. Rf3+ {[%clk 00:31:07]}
{[%emt 00:00:19]} Nf5 {[%clk 00:20:08]} {[%emt 00:00:21]} 0-1

[Event "PohÃ¡r mÄ›sta Å˜Ã­Ä�any 2020"]
[Site "MÄ›stskÃ© kulturnÃ­ stÅ™edisko U labutÄ›"]
[Date "2020.08.23"]
[Round "3.2"]
[White "Vojta, Tomas"]
[Black "Horak, Jan"]
[Result "1-0"]
[WhiteElo "2328"]
[BlackElo "2029"]
[PlyCount "0"]
[EventDate "2020.08.22"]

1. e4 e6 2. Qe2 c5 3. f4 Nc6 4. Nf3 d6 5. c3 Nge7 6. g3 g6 7. Bg2 Bg7 8. O-O
O-O 9. d3 Rb8 10. Na3 b5 11. Nc2 a5 12. g4 f5 13. h3 Qc7 14. Bd2 Bd7 15. Rae1 b4
16. exf5 exf5 17. Ng5 h6 18. Ne6 Bxe6 19. Qxe6+ Kh7 20. Ne3 Rf6 21. Qc4 Qd7
22. g5 Rff8 23. Re2 Rbe8 24. h4 h5 25. Rfe1 Nd8 26. a3 bxa3 27. bxa3 Ne6 28. Qd5
Nd8 29. Rf2 1-0

[Event "PohÃ¡r mÄ›sta Å˜Ã­Ä�any 2020"]
[Site "MÄ›stskÃ© kulturnÃ­ stÅ™edisko U labutÄ›"]
[Date "2020.08.23"]
[Round "3.3"]
[White "Petr, Jakub"]
[Black "Hejsek, Lukas"]
[Result "1-0"]
[WhiteElo "2236"]
[BlackElo "1991"]
[PlyCount "0"]
[EventDate "2020.08.22"]

1. e4 c5 2. Nf3 g6 3. d4 cxd4 4. Nxd4 Bg7 5. Nb3 Nc6 6. Be2 Nf6 7. Nc3 O-O
8. O-O d6 9. Bg5 Be6 10. Kh1 Na5 11. Nd4 Bc4 12. f3 Rc8 13. b3 Bxe2 14. Ncxe2
Nc6 15. Qd2 Nd7 16. Rad1 Nxd4 17. Nxd4 Ne5 18. c4 Re8 19. Nb5 Nc6 20. Nc3 Qa5
21. Nd5 Qxd2 22. Rxd2 Kf8 23. Rfd1 Nd8 24. Be3 Nc6 25. Kg1 a6 26. Nb6 Rcd8
27. Kf2 Bc3 28. Rc2 Ba5 29. a3 Bxb6 30. Bxb6 Rc8 31. Rdc1 Ne5 32. Ke2 Nd7
33. Be3 Rc6 34. b4 Rec8 35. Kd3 b5 36. cxb5 Rxc2 37. Rxc2 Rxc2 38. Kxc2 axb5 1-0

[Event "PohÃ¡r mÄ›sta Å˜Ã­Ä�any 2020"]
[Site "MÄ›stskÃ© kulturnÃ­ stÅ™edisko U labutÄ›"]
[Date "2020.08.23"]
[Round "3.4"]
[White "Reljic, Michael"]
[Black "Skypala, Ondrej"]
[Result "1-0"]
[WhiteElo "1957"]
[BlackElo "2129"]
[PlyCount "0"]
[EventDate "2020.08.22"]

1. e4 e6 2. d4 d5 3. exd5 exd5 4. Bd3 Bd6 5. c3 Ne7 6. Nf3 Bg4 7. Nbd2 Nbc6
8. Nf1 Qd7 9. Bg5 f6 10. Bh4 O-O-O 11. Ne3 Ng6 12. Bg3 Nf4 13. Bxf4 Bxf4
14. Nxg4 Qxg4 15. O-O Kb8 16. b4 h5 17. a4 a5 18. Bb5 Qe6 19. Qb3 h4 20. Rab1
axb4 21. Bxc6 Qxc6 22. Qxb4 g5 23. Ne1 Bd2 24. Rb3 Bxe1 25. Rxe1 Rhe8 26. Reb1
Kc8 27. Qxb7+ Qxb7 28. Rxb7 Re1+ 29. Rxe1 Kxb7 30. Re6 Rd6 31. Rxd6 cxd6 32. Kf1
Ka6 33. Ke2 Ka5 34. Kd3 Kxa4 35. c4 Kb4 36. cxd5 f5 37. f3 g4 38. Ke3 Kc4
39. Kf4 gxf3 40. gxf3 Kxd5 41. Kxf5 Kxd4 42. f4 Ke3 43. Kg5 d5 44. f5 d4 45. f6
d3 46. f7 d2 47. f8=Q d1=Q 48. Qf4+ 1-0

[Event "PohÃ¡r mÄ›sta Å˜Ã­Ä�any 2020"]
[Site "MÄ›stskÃ© kulturnÃ­ stÅ™edisko U labutÄ›"]
[Date "2020.08.23"]
[Round "3.5"]
[White "Kupsa, Matej"]
[Black "Voracek, Zdenek"]
[Result "0-1"]
[WhiteElo "2079"]
[BlackElo "1903"]
[PlyCount "0"]
[EventDate "2020.08.22"]

1. d4 Nf6 2. Bg5 c5 3. e3 Qb6 4. b3 Ne4 5. Bf4 Qb4+ 6. Nd2 cxd4 7. exd4 Qxd4
8. Be3 Qc3 9. Ne2 Qa5 10. Nd4 Nxd2 11. Bxd2 Qe5+ 12. Be3 Nc6 13. Nf3 Qa5+
14. Bd2 Qc7 15. Bd3 e5 16. c4 d6 17. Qc2 g6 18. O-O f5 19. Bc3 Bg7 20. Rae1 O-O
21. Ng5 Bd7 22. f3 Rae8 23. Kh1 Bh6 24. Nh3 Qb6 25. Nf2 Nb4 26. Qb1 Nc6 27. Bc2
Be3 28. Nd1 Bd4 29. Bd2 Be6 30. Nc3 a6 31. Qd1 Bf2 32. Re2 Bh4 33. Bh6 Rf7
34. Qxd6 Rd7 35. Qa3 Nd4 36. Rd2 Be7 37. Qc1 g5 38. Na4 Qc6 39. Rxd4 exd4
40. Bxg5 Bxg5 41. Qxg5+ Rg7 42. Qf6 b5 43. Nb2 bxc4 44. Qxd4 cxb3 45. Bxb3 Bxb3
46. axb3 Rd7 47. Qf4 Qc2 48. Nc4 Qxb3 49. Ne5 Qb5 50. Re1 Qxe5 51. Qg5+ Kh8 0-1

[Event "PohÃ¡r mÄ›sta Å˜Ã­Ä�any 2020"]
[Site "MÄ›stskÃ© kulturnÃ­ stÅ™edisko U labutÄ›"]
[Date "2020.08.23"]
[Round "3.6"]
[White "Le, Anh Dung"]
[Black "Otruba, Marek"]
[Result "1-0"]
[WhiteElo "1616"]
[BlackElo "2079"]
[PlyCount "0"]
[EventDate "2020.08.22"]

1. e4 c5 2. Nf3 d6 3. d4 cxd4 4. Nxd4 Nf6 5. Nc3 a6 6. Bg5 Nbd7 7. f4 Qc7
8. Qe2 h6 9. Bxf6 Nxf6 10. h3 e5 11. Nb3 Be7 12. f5 d5 13. exd5 Bxf5 14. O-O-O
O-O 15. Qf3 Bg6 16. Bd3 Bxd3 17. Qxd3 Rad8 18. Nd2 Bd6 19. g4 b5 20. Kb1 Nd7
21. Nce4 Rfe8 22. g5 hxg5 23. Nxg5 Nf8 24. Rdf1 Rd7 25. h4 Red8 26. Nde4 Bc5
27. Qg3 Kh8 28. Qg4 Be3 29. Qf3 Bf2 30. d6 Qc4 31. b3 Qc6 32. Qh5+ Kg8 33. Rfg1
Ng6 34. Qh7+ Kf8 35. Ne6+ fxe6 36. Rxg6 Bb6 37. Rf1+ Rf7 38. Qh8# 1-0

[Event "PohÃ¡r mÄ›sta Å˜Ã­Ä�any 2020"]
[Site "MÄ›stskÃ© kulturnÃ­ stÅ™edisko U labutÄ›"]
[Date "2020.08.23"]
[Round "3.7"]
[White "Zvolensky, David"]
[Black "Petras, Milan"]
[Result "1-0"]
[WhiteElo "2048"]
[BlackElo "1996"]
[PlyCount "0"]
[EventDate "2020.08.22"]

1. d4 g6 2. e4 d6 3. f4 Bg7 4. Nf3 Nf6 5. Nc3 c5 6. dxc5 Qa5 7. Qd4 Nc6 8. Bb5
O-O 9. Qa4 Qxa4 10. Bxa4 Bd7 11. O-O dxc5 12. e5 Ng4 13. h3 Nh6 14. Be3 b6
15. Rad1 Be8 16. g4 a6 17. Bb3 Na5 18. Nd5 c4 19. Nxb6 cxb3 20. Nxa8 bxc2
21. Rd8 f6 22. Nd4 Bf7 23. Rxf8+ Kxf8 24. e6 Bg8 25. f5 Nc4 26. Bc1 Nd6 27. Nc7
gxf5 28. gxf5 1-0

[Event "PohÃ¡r mÄ›sta Å˜Ã­Ä�any 2020"]
[Site "MÄ›stskÃ© kulturnÃ­ stÅ™edisko U labutÄ›"]
[Date "2020.08.23"]
[Round "3.8"]
[White "Hrdina, Robin"]
[Black "Elias, Jakub"]
[Result "*"]
[WhiteElo "2243"]
[BlackElo "1937"]
[PlyCount "0"]
[EventDate "2020.08.22"]

1. e4 c5 2. c3 d5 3. exd5 Qxd5 4. d4 cxd4 5. cxd4 Nc6 6. Nf3 e6 7. Nc3 Bb4
8. Bd3 Nf6 9. O-O Qd8 10. Bg5 Be7 11. Rc1 h6 12. Be3 O-O 13. Bb1 Bd7 14. a3 Re8
15. Qd3 Bf8 16. Rfd1 Ne7 17. Ne5 Ned5 18. Ng4 Bd6 19. Nxf6+ Nxf6 20. d5 e5
21. f3 Qe7 22. Bf2 a6 23. Re1 Qd8 24. b4 Rc8 25. Ne4 Nxe4 26. fxe4 Bb5 27. Qb3
Qe7 28. Bd3 Bd7 29. Rf1 Qg5 30. Bc5 Bh3 31. Rc2 Bxc5+ 32. bxc5 Rxc5 33. Bc4 b5
34. Qxh3 Rxc4 35. Rxc4 bxc4 36. Qc3 Rc8 37. d6 Rd8 38. Rd1 Qg4 39. Qc2 Qe6
40. Qb2 c3 41. Qxc3 Rxd6 42. Rxd6 Qxd6 43. Qc8+ Kh7 44. Qf5+ Kg8 1/2-1/2

[Event "PohÃ¡r mÄ›sta Å˜Ã­Ä�any 2020"]
[Site "MÄ›stskÃ© kulturnÃ­ stÅ™edisko U labutÄ›"]
[Date "2020.08.23"]
[Round "3.9"]
[White "Rudiano, Nicolas"]
[Black "Hadrava, Jaroslav"]
[Result "0-1"]
[WhiteElo "2077"]
[BlackElo "1883"]
[PlyCount "0"]
[EventDate "2020.08.22"]

1. e4 e5 2. Nf3 Nc6 3. d4 exd4 4. Nxd4 Bc5 5. Nxc6 Qf6 6. Qf3 dxc6 7. Nc3 h5
8. Qxf6 Nxf6 9. f3 Be6 10. Bd3 a6 11. Bf4 O-O-O 12. O-O-O h4 13. Be2 Rxd1+
14. Rxd1 Nh5 15. Bd2 Bd6 16. h3 f6 17. Bf1 g5 18. a3 b5 19. Ne2 c5 20. Nc3 Kb7
21. Be3 Bf4 22. Bxf4 Nxf4 23. Ne2 Nh5 24. Nc3 c6 25. Rd2 Kc7 26. Kd1 Rd8
27. Rxd8 Kxd8 28. Ke2 Kd7 29. Kf2 Kd6 30. Ke3 Ke5 31. Nd1 Ng3 {Kvï¿½li ï¿½patnï¿½mu
zï¿½pisu nebylo moï¿½no patii pï¿½epsat cel OMEGALUL u.} 0-1

[Event "PohÃ¡r mÄ›sta Å˜Ã­Ä�any 2020"]
[Site "MÄ›stskÃ© kulturnÃ­ stÅ™edisko U labutÄ›"]
[Date "2020.08.23"]
[Round "3.10"]
[White "Salac, Jiri"]
[Black "Stanek, Ondrej"]
[Result "1/2-1/2"]
[WhiteElo "1914"]
[BlackElo "2074"]
[PlyCount "0"]
[EventDate "2020.08.22"]

1. d4 Nf6 2. Bf4 e6 3. e3 d5 4. Nd2 c5 5. c3 Bd6 6. Bg3 Nc6 7. Ngf3 O-O 8. Bd3
b6 9. Ne5 Ne7 10. f4 Nf5 11. Bf2 Be7 12. Qf3 Bb7 13. O-O Nd6 14. Bh4 Nfe4
15. Bxe7 Qxe7 16. Qe2 a5 17. Rad1 Rfc8 18. Rf3 f6 19. Ng4 c4 20. Bb1 b5 21. Nf2
b4 22. Nfxe4 dxe4 23. Rf2 Bd5 24. Rc1 Rab8 25. Qd1 Qd7 26. Re2 Rb7 27. g4 Rcb8
28. Rg2 bxc3 29. bxc3 Rb2 30. Nf1 Rxg2+ 31. Kxg2 Bc6 32. Nd2 Rb2 33. Kg3 Ba4
34. Qe1 Qc6 35. h4 f5 36. g5 Nb5 37. h5 Na3 38. Qe2 Qb5 39. Qe1 Kf8 40. h6 g6
41. Kh3 Ke7 42. Kg3 Kf7 43. Kh3 Ke7 44. Kg3 Kd7 45. Kh3 Kc7 46. Kg3 Kd6 47. Kh3
Kd5 48. Kg3 Kd6 49. Kh3 Kd5 50. Kg3 Bc2 51. Bxc2 Nxc2 52. Qe2 Na3 53. Qd1 Rxa2
54. Nb1 Qc6 55. Nxa3 Rxa3 56. Rb1 Rxc3 57. Qd2 Ra3 58. Rb8 Kd6 59. Qb2 Rb3
60. Rxb3 cxb3 61. Qxb3 Kc7 62. Qa3 a4 63. Qe7+ Qd7 64. Qc5+ Kb7 65. Qb4+ Ka6
66. Qc4+ Ka5 67. Qc3+ Kb5 68. Qc5+ Ka6 69. Qc4+ Qb5 70. Qxe6+ 1/2-1/2

[Event "PohÃ¡r mÄ›sta Å˜Ã­Ä�any 2020"]
[Site "MÄ›stskÃ© kulturnÃ­ stÅ™edisko U labutÄ›"]
[Date "2020.08.23"]
[Round "3.11"]
[White "Pavlicek, Petr"]
[Black "Zizka, Petr"]
[Result "0-1"]
[WhiteElo "1860"]
[BlackElo "2046"]
[PlyCount "0"]
[EventDate "2020.08.22"]

1. e4 c5 2. Nf3 Nc6 3. d4 cxd4 4. Nxd4 Nf6 5. Nc3 e5 6. Ndb5 d6 7. Bg5 a6
8. Na3 b5 9. Nd5 Be7 10. Bxf6 Bxf6 11. c4 b4 12. Nc2 O-O 13. Ndxb4 Nxb4 14. Nxb4
Qb6 15. Qd2 Rb8 16. a3 a5 17. Nd5 Qxb2 18. Qxb2 Rxb2 19. Nxf6+ gxf6 20. f3 Be6
21. O-O-O Rfb8 22. Bd3 Ra2 23. Bb1 Ra1 24. Kc2 Bxc4 25. Rxd6 Rxa3 26. Rc1 Rab3
27. Rdd1 Be6 28. Kd2 Rb2+ 29. Bc2 a4 30. Kc3 a3 31. Rd2 Rc8+ 32. Kd3 Bc4+
33. Ke3 Bb3 34. Kd3 a2 35. h4 Bxc2+ 0-1

[Event "PohÃ¡r mÄ›sta Å˜Ã­Ä�any 2020"]
[Site "MÄ›stskÃ© kulturnÃ­ stÅ™edisko U labutÄ›"]
[Date "2020.08.23"]
[Round "3.12"]
[White "Rehak, Martin"]
[Black "Svetly, Jiri"]
[Result "1-0"]
[WhiteElo "2023"]
[BlackElo "1835"]
[PlyCount "0"]
[EventDate "2020.08.22"]

1. Nf3 Nf6 2. g3 d5 3. Bg2 c5 4. c4 d4 5. b4 e6 6. d3 Nc6 7. b5 Ne7 8. e3 Ng6
9. exd4 cxd4 10. O-O Bc5 11. a4 O-O 12. Ba3 Nd7 13. Nbd2 Bxa3 14. Rxa3 Nc5
15. Nb3 Nxb3 16. Qxb3 e5 17. Nd2 Qe7 18. Rfa1 Be6 19. Qb4 Rab8 20. Ne4 b6 21. a5
f5 22. Qxe7 Nxe7 23. Ng5 Bd7 24. axb6 axb6 25. Ra7 Rfd8 26. Re1 e4 27. dxe4 h6
28. Nf3 d3 29. exf5 Nc8 30. Re7 Bxf5 31. Nd2 Kf8 32. Bd5 Bg6 33. f4 Nd6 {dï¿½l
neï¿½itelnï¿½} 1-0

[Event "PohÃ¡r mÄ›sta Å˜Ã­Ä�any 2020"]
[Site "MÄ›stskÃ© kulturnÃ­ stÅ™edisko U labutÄ›"]
[Date "2020.08.23"]
[Round "3.13"]
[White "Maslo, Ondrej"]
[Black "Svoboda, Jaromir"]
[Result "1-0"]
[WhiteElo "1834"]
[BlackElo "1977"]
[PlyCount "0"]
[EventDate "2020.08.22"]

1. e4 e5 2. Bc4 Nc6 3. Nc3 Bc5 4. Qg4 Qf6 5. Nd5 Qxf2+ 6. Kd1 Kf8 7. Nh3 Qd4
8. d3 d6 9. Qf3 Bxh3 10. Rf1 Be6 11. c3 1-0

[Event "PohÃ¡r mÄ›sta Å˜Ã­Ä�any 2020"]
[Site "MÄ›stskÃ© kulturnÃ­ stÅ™edisko U labutÄ›"]
[Date "2020.08.23"]
[Round "3.14"]
[White "Bartos, Vaclav"]
[Black "Lhotsky, Zdenek"]
[Result "0-1"]
[WhiteElo "1976"]
[BlackElo "1831"]
[PlyCount "0"]
[EventDate "2020.08.22"]

1. d4 d5 2. c4 e6 3. Nc3 Nf6 4. cxd5 exd5 5. Bg5 Bb4 6. e3 O-O 7. Bd3 c5 8. a3
Bxc3+ 9. bxc3 cxd4 10. exd4 Qd6 11. Ne2 Nc6 12. O-O Bg4 13. Qc2 h6 14. Bf4 Qd7
15. h3 Bxe2 16. Qxe2 Rfe8 17. Qf3 Ne4 18. Rac1 Rac8 19. Rfe1 Nf6 20. Rxe8+ Rxe8
21. Bxh6 Qd6 22. Bg5 Qxa3 23. Rb1 Ne4 24. Bxe4 dxe4 25. Qg3 b6 26. Bf6 Qf8
27. d5 Ne7 28. Rd1 Nf5 29. Qg5 Nd6 30. Rd4 e3 31. fxe3 Ne4 32. Rxe4 Rxe4 33. d6
Re6 34. Be7 Qc8 35. Qb5 Qxc3 36. Qg5 Qc6 37. Qg3 Rg6 38. Qf2 Rxd6 39. Bxd6 Qxd6
40. Qf3 a5 41. Qa8+ Kh7 42. Qe4+ g6 43. Qb7 Kg7 44. Qa6 Qc5 45. Kh1 Qxe3 0-1

[Event "PohÃ¡r mÄ›sta Å˜Ã­Ä�any 2020"]
[Site "MÄ›stskÃ© kulturnÃ­ stÅ™edisko U labutÄ›"]
[Date "2020.08.23"]
[Round "3.15"]
[White "Lhotsky, Frantisek"]
[Black "Strnad, Michael"]
[Result "1/2-1/2"]
[WhiteElo "1975"]
[BlackElo "1813"]
[PlyCount "0"]
[EventDate "2020.08.22"]

1. d4 Nf6 2. c4 g6 3. Nc3 d5 4. Nf3 Bg7 5. cxd5 Nxd5 6. e4 Nxc3 7. bxc3 c5
8. Be3 O-O 9. Qd2 Nc6 10. Rc1 Bg4 11. d5 Bxf3 12. gxf3 Ne5 13. Be2 Qc8 14. h3 e6
15. f4 Nd7 16. c4 Re8 17. Bf3 e5 18. fxe5 Nxe5 19. Be2 Nd7 20. Qc2 Qd8 21. h4
Qe7 22. Bd3 Ne5 23. Be2 Nd7 24. Bf3 Be5 25. Bg2 1/2-1/2

[Event "PohÃ¡r mÄ›sta Å˜Ã­Ä�any 2020"]
[Site "MÄ›stskÃ© kulturnÃ­ stÅ™edisko U labutÄ›"]
[Date "2020.08.23"]
[Round "3.16"]
[White "Cermak, Jan"]
[Black "Kubice, Jakub"]
[Result "1/2-1/2"]
[WhiteElo "1971"]
[BlackElo "1724"]
[PlyCount "0"]
[EventDate "2020.08.22"]

1. e4 e5 2. Nf3 Nf6 3. Nxe5 d6 4. Nf3 Nxe4 5. Nc3 Nxc3 6. dxc3 Nc6 7. Bb5 Be7
8. Be3 Bd7 9. Qd2 Ne5 10. Bxd7+ Qxd7 11. Nxe5 dxe5 12. Qxd7+ Kxd7 13. O-O-O+ Ke6
14. Rhe1 Bd6 15. f3 f6 16. c4 b6 17. Bf2 Kf7 18. c5 bxc5 19. Rd5 Ke6 20. Red1
Be7 21. c4 c6 22. Rd7 a5 23. Rc7 Rhc8 24. Rdd7 Rxc7 25. Rxc7 Ra6 26. a4 h5
27. Kd2 g5 28. Kd3 h4 29. Be1 Kd6 30. Rc8 Kd7 31. Rh8 Ra7 32. Ke4 Ke6 33. Bc3
Ra6 34. Rb8 Bd6 35. Re8+ Be7 36. Rh8 1/2-1/2

[Event "PohÃ¡r mÄ›sta Å˜Ã­Ä�any 2020"]
[Site "MÄ›stskÃ© kulturnÃ­ stÅ™edisko U labutÄ›"]
[Date "2020.08.23"]
[Round "3.17"]
[White "Dome, Michal"]
[Black "Plasek, Zdenek"]
[Result "1/2-1/2"]
[WhiteElo "1802"]
[BlackElo "1967"]
[PlyCount "0"]
[EventDate "2020.08.22"]

1. d4 d5 2. c4 e6 3. Nc3 Nf6 4. cxd5 exd5 5. Bg5 c6 6. Qc2 Nbd7 7. e3 Qa5
8. Bd3 Bd6 9. Nf3 O-O 10. O-O Re8 11. a3 Qc7 12. Rfc1 Qb8 13. b4 h6 14. Bh4 b5
15. e4 dxe4 16. Nxe4 Nxe4 17. Bxe4 Bb7 18. Bxc6 Rc8 19. Qe4 Re8 20. Bxb7 Rxe4
21. Bxe4 Nb6 22. Bxa8 Qxa8 23. Bg3 Qd5 24. Bxd6 Qxd6 25. Rc5 a6 26. Re1 Qd7
27. Rce5 Nd5 28. h3 Nf4 29. R1e4 Qc6 30. Ne1 f6 31. Re7 Qd6 32. Re8+ Kh7 33. Nf3
Qc6 34. Ne1 Qd6 35. Nf3 1/2-1/2

[Event "PohÃ¡r mÄ›sta Å˜Ã­Ä�any 2020"]
[Site "MÄ›stskÃ© kulturnÃ­ stÅ™edisko U labutÄ›"]
[Date "2020.08.23"]
[Round "3.18"]
[White "Lhotska, Anna"]
[Black "Steiner, Juraj"]
[Result "0-1"]
[WhiteElo "1793"]
[BlackElo "1953"]
[PlyCount "0"]
[EventDate "2020.08.22"]

1. e4 c5 2. Nf3 g6 3. d4 cxd4 4. Nxd4 Nf6 5. c4 Nc6 6. Nc3 d6 7. Be2 Nxd4
8. Qxd4 Bg7 9. Be3 O-O 10. Qd2 Be6 11. Rc1 Qa5 12. O-O Rfc8 13. b3 a6 14. b4
Qxb4 15. Rb1 Qa5 16. Bb6 Qe5 17. f4 Nxe4 18. Nxe4 Qxe4 19. Bf3 Qxc4 20. Bxb7
Qxa2 21. Qxa2 Bxa2 22. Rb4 Rcb8 23. Bxa8 Rxb6 24. Rxb6 Bd4+ 25. Kh1 Bxb6 26. Ra1
Bc4 27. Rd1 Bc5 28. g3 a5 29. Ra1 Bb4 30. Bc6 d5 31. Rd1 e6 32. Kg2 Kf8 33. Kf3
Ke7 34. Ke3 Bc3 35. Ba4 h6 36. Rb1 d4+ 37. Ke4 Bd5+ 38. Kd3 g5 39. fxg5 hxg5
40. h4 e5 41. h5 e4+ 42. Kc2 Bc4 43. Rb8 Bd3+ 44. Kd1 e3 45. Re8+ Kf6 46. g4 Bb4
47. Bc6 Be7 48. Bf3 {Partie neï¿½itelnï¿½, nï¿½kterï¿½ tahy chybï¿½, nemoï¿½nï¿½ pï¿½ehrï¿½t
KEKW.} 0-1